000 00772nas a2200265 4500
001 BR9804953
003 BR-BrBNA
005 20231205101127.0
007 ta
008 230509b bl.|||p| |||| 00| 00por d
040 _aBR-BrBNA
_bpor
_cBiblioteca Nacional de Agricultura
041 _a(Pt)
072 _aF61
100 1 _aBisognin, D.A.
100 1 _aCentenaro, R.
100 1 _aMissio, E.L.
245 1 _aUso do acido giberelico na quebra de dormencia e de dominancia apical em batata
650 _aBatata
650 _aSemente
650 _aAcido Giberelico
650 _aDormencia
773 0 _tCiencia Rural (Brazil)
_xISSN 0103-8478
_g(Apr-Jun 1998), v. 28(2) p. 205-213
_wBR9804953
909 _a202311
_bLúcia
_c55
_dLúcia Elande
942 _2AGRIS
_n0
_cANA
999 _c159901
_d159901